Central Library OPAC University of Rajshahi

تاريخ اسلام.;;Tārīkh-i Islām./ (Record no. 78845)

MARC details
000 -LEADER
fixed length control field 00874cas a2200265 a 4500
001 - CONTROL NUMBER
control field 78845
003 - CONTROL NUMBER IDENTIFIER
rucl marc code BD-RjUL
005 - DATE AND TIME OF LATEST TRANSACTION
control field 20211209083159.0
008 - FIXED-LENGTH DATA ELEMENTS--GENERAL INFORMATION
fixed length control field 211121s1956uuuupakqr | 0 z0urd
035 ## - SYSTEM CONTROL NUMBER
System control number (BD-RjUL)79072
040 ## - CATALOGING SOURCE
Original cataloging agency IXA
Language of cataloging eng
Transcribing agency IXA
Modifying agency OCLCQ
-- IXA
-- DLC
-- OCLCF
-- OCLCQ
041 0# - LANGUAGE CODE
Language code of text/sound track or separate title urd
-- eng
082 ## - DEWEY DECIMAL CLASSIFICATION NUMBER
Edition number 23
Classification number 297.09
100 1# - MAIN ENTRY--PERSONAL NAME
Personal name Najibabadi, Akbar Shah Khan ;; نجيب ابادي, اكبر شاه خان
9 (RLIN) 250294
245 10 - TITLE STATEMENT
Title تاريخ اسلام.;;Tārīkh-i Islām./
Statement of responsibility, etc. اكبر شاه خان نجيب ابادي ;; Akbar Shah Khan Najibabadi
246 15 - VARYING FORM OF TITLE
Title proper/short title History of Islam
260 ## - PUBLICATION, DISTRIBUTION, ETC. (IMPRINT)
Place of publication, distribution, etc. Karachi :
Name of publisher, distributor, etc. Nafis akademy,
Date of publication, distribution, etc. 1956
300 ## - PHYSICAL DESCRIPTION
Pagination volumes ;
Size 24 cm
505 ## - FORMATTED CONTENTS NOTE
Formatted contents note Vol.1.--
650 #0 - SUBJECT ADDED ENTRY--TOPICAL TERM
Topical term or geographic name as entry element Islam
General subdivision History
9 (RLIN) 250295
Topical term or geographic name as entry element Islam.
Source of heading or term fast
9 (RLIN) 250296
942 ## - ADDED ENTRY ELEMENTS (KOHA)
Source of classification or shelving scheme Dewey Decimal Classification
Koha item type Books
Holdings
Lost status Source of classification or shelving scheme Damaged status Not for loan Collection code Permanent Location Current Location Shelving location Date acquired Cost, normal purchase price Total Checkouts Full call number Date last seen Copy number Koha item type
  Dewey Decimal Classification   Not For Loan Non-fiction Central Library, University of Rajshahi Central Library, University of Rajshahi Reading Room 21/11/2021 1.00   U 297.09 NAT V-1 1956 21/11/2021 C-1 Books